000 00607nam a2200169 a 4500
001 000028470
003 DO-SdBNP
005 20250205102401.0
008 110408s1971 dr 000 0 spa d
040 _aDO-SdBNP
_bspa
_cBNPHU
082 4 _axxx
_bR426r
_222
110 _aRepública Dominicana
_bSecretaría de Estado de Educación, Bellas Artes y Cultos
_bDirección General de Educación Física Escolar
_956702
245 1 0 _aReglas oficiales de ciclismo.
264 1 _aSanto Domingo :
_bSecretaría de Estado de Educación, Bellas Artes y Cultos,
_c1971.
300 _a79 p. ;
_c21 cm.
942 _2ddc
_cLBS1
999 _c27962
_d27962